00619nam a22002057a 450000500170000001000230001702000270004003500220006703500130008903500140010203700150011603700130013108200080014410000230015224500820017526000420025727000550029930000200035450000390037420180224103738.0 a1617EN ENG-120361 a9789351710745c1995.00 aB-647979-986  aB-664854 aEN-103893 aDPLbM.M.L bDBAD/PUB a921 aReddy, K. Damodara aIndira Gandhi :c by K. Damodara Reddyba comprehensive political biography / aNew DelhibResearch India Pressc2016 aE-6/34, Sangam Vihar, bNew Delhie110062 a513p.b22cm(Hb) aIncludes bibliographical reference